000 00263nam a2200133Ia 4500
100 _aBach/G.L.
942 _cBK
654 _aEconomics
245 _aEconomics
260 _bPrentice-hall
_aNew Jersey
_c1974
300 _a712
546 _aENGLISH
999 _c19903
_d19903